| LEADER 00000nam 2200000uu 4500 |
| 001 13399128826 |
| 003 BCNR |
| 008 241011s2568 th a b 001 0 tha d |
| 020 ^a9786166291759
|
| 041 ^atha
|
| 060 04 ^aWA380^bอ653ส 2568
|
| 100 0 ^aอารยา เชียงของ
|
| 245 10 ^aสุขภาพคนเมือง :^bทฤษฎี กลยุทธ์ ประเด็นปัญหา และมุมมองในอนาคต ด้านการส่งเสริมสุขภาพและการป้องกันโรค =Urban health : Theory, strategies, issues, and future perspectives in health promotion and disease prevention /^cอารยา เชียงของ
|
| 246 31 ^aUrban health : Theory, strategies, issues, and future perspectives in health promotion and disease prevention
|
| 250 ^aพิมพ์ครั้งที่ 2 (ฉบับปรับปรุง)
|
| 260 ^aกรุงเทพฯ :^bบุ๊คพลัส พับลิชชิ่ง,^c2568
|
| 300 ^a187 หน้า :^bภาพประกอบ, ตาราง ;^c26 ซม.
|
| 505 0 ^aส่วนที่ 1 บทนำ -- บทที่ 1 หลักการพื้นฐานของการส่งเสริมสุขภาพ -- บทที่ 2 สุขภาพคนเมือง -- ส่วนที่ 2 ทฤษฎีการส่งเสริมสุขภาพและการป้องกันโรคในพื้นที่เขตเมือง -- บทที่ 3 ทฤษฎีที่เกี่ยวข้องกับพฤติกรรมสุขภาพระดับภายในบุคคล -- บทที่ 4 ทฤษฎีที่เกี่ยวข้องกับพฤติกรรมสุขภาพระหว่างบุคคล -- บทที่ 5 ทฤษฎีที่เกี่ยวข้องกับพฤติกรรมสุขภาพระดับชุมชนและองค์การ -- บทที่ 6 ทฤษฎีที่เกี่ยวข้องกับพฤติกรรมสุขภาพในระดับการปฏิบัติ -- ส่วนที่ 3 กลยุทธ์ในการส่งเสริมสุขภาพและการป้องกันโรคในพื้นที่เขตเมือง -- บทที่ 7 กลยุทธ์ในการส่งเสริมสุขภาพและการป้องกันโรค -- ส่วนที่ 4 ประเด็นสุขภาพคนเมือง : การส่งเสริมสุขภาพและการป้องกันโรค -- บทที่ 8 ประเด็นสุขภาพคนเมือง : การส่งเสริมสุขภาพและการป้องกันโรค -- ส่วนที่ 5 การส่งเสริมสุขภาพและการป้องกันโรคพื้นที่เมืองในอนาคต -- บทที่ 9 การส่งเสริมสุขภาพและการป้องกันโรคพื้นที่เมืองในอนาคต
|
| 650 4 ^aการส่งเสริมสุขภาพ
|
| 650 4 ^aพฤติกรรมสุขภาพ
|
| 650 4 ^aสุขภาพเมือง
|
| 999 ^aบรรณารักษ์
|